Book quiz - 20th century authors - Statistics

General Stats
  • This quiz has been taken 967 times
  • The average score is 9 of 20
Answer Stats
Novel Year Author % Correct
To Kill a Mockingbird 1960 Harper Lee
95%
Of Mice and Men 1937 John Steinbeck
92%
For Whom the Bell Tolls 1940 Ernest Hemingway
82%
Lord of the Flies 1954 William Golding
82%
Catch-22 1961 Joseph Heller
78%
Fahrenheit 451 1953 Ray Bradbury
69%
The Sound and the Fury 1929 William Faulkner
57%
A Clockwork Orange 1962 Anthony Burgess
55%
Breakfast of Champions 1973 Kurt Vonnegut
39%
The World According to Garp 1978 John Irving
37%
Rabbit, Run 1960 John Updike
37%
Brighton Rock 1938 Graham Greene
34%
The Shipping News 1993 E. Annie Proulx
22%
A Confederacy of Dunces 1980 John Kennedy Toole
22%
A Handful of Dust 1934 Evelyn Waugh
15%
Post Office 1971 Charles Bukowski
14%
The Collector 1963 John Fowles
13%
The Natural 1952 Bernard Malamud
8%
A High Wind in Jamaica 1929 Richard Hughes
4%
Black Robe 1985 Brian Moore
3%
No matching quizzes found
Score Distribution
Percent of People with Each Score
Percentile by Number Answered
Your Score History
You have not taken this quiz